[Event "Mittelfranken-chTB2b 1920"]
[Site "Mittelfranken"]
[Date "2019.11.03"]
[Round "2.7"]
[White "Arlt, Birgit"]
[Black "Stolpynskyy, Mark"]
[Result "0-1"]
[WhiteElo "1605"]
[BlackElo "1947"]
[PlyCount "156"]
[EventDate "2019.10.13"]
[EventType "team-tourn"]
[EventRounds "9"]
[EventCountry "GER"]
[SourceTitle "EXT 2023"]
[Source "ChessBase"]
[SourceDate "2022.10.05"]
[SourceVersion "1"]
[SourceVersionDate "2022.10.05"]
[SourceQuality "1"]
[WhiteTeam "Schwanstetten"]
[BlackTeam "Nuernberg Sued SW III"]
[WhiteTeamCountry "GER"]
[BlackTeamCountry "GER"]

1. e4 c6 2. d4 d5 3. e5 Bf5 4. Bd3 Bxd3 5. Qxd3 Qa5+ 6. c3 Qa6 7. Qe2 e6 8. Be3 h5 9. h3 Ne7 10. Nf3 Nf5 11. Qxa6 Nxa6 12. Nbd2 c5 13. a3 Rc8 14. 0-0 Be7 15. Rac1 c4 16. Bg5 h4 17. Rfe1 Nb8 18. Nf1 Nc6 19. Ne3 g6 20. Ng4 b5 21. Nf6+ Kd8 22. Kh2 a5 23. g4 hxg3+ 24. fxg3 Nh6 25. Bxh6 Bxf6 26. exf6 Rxh6 27. Ng5 Ke8 28. Re2 Nd8 29. Rce1 Kf8 30. Kg2 Rb8 31. Nf3 Kg8 32. Ne5 b4 33. axb4 axb4 34. h4 bxc3 35. bxc3 Rh8 36. Rh1 Kh7 37. Kf3 Rb3 38. Rc2 Kg8 39. Kf4 Nb7 40. Nf3 Nd6 41. Nd2 Ra3 42. g4 Nb5 43. Nb1 Ra1 44. Kg3 Kh7 45. Rcc1 Rha8 46. g5 Nd6 47. Kf4 R1a2 48. Rcf1 Re2 49. h5 Nf5 50. Kf3 Raa2 51. Rfg1 Re3+ 52. Kg4 Re4+ 53. Kf3 Rae2 54. hxg6+ Kxg6 55. Rh3 R4e3+ 56. Kg4 Rxh3 57. Kxh3 Re3+ 58. Kg4 Rd3 59. Kf4 Re3 60. Kg4 Re4+ 61. Kf3 Rh4 62. Rg2 Rh1 63. Kf4 Rxb1 64. Rh2 Re1 65. Rh8 Re4+ 66. Kf3 Kxg5 67. Rg8+ Kxf6 68. Rh8 Nh4+ 69. Kg3 Nf5+ 70. Kf3 Re1 71. Kg4 Re3 72. Rh3 Rxh3 73. Kxh3 Nd6 74. Kg4 Ne4 75. Kf4 Nxc3 76. Ke3 Nb5 77. Kd2 Nxd4 78. Kc3 Nc6 0-1

[Event "Mittelfranken-chTB2b 1819"]
[Site "Mittelfranken"]
[Date "2019.04.28"]
[Round "9.8"]
[White "Arlt, Birgit"]
[Black "Deinhard, Erwin"]
[Result "1/2-1/2"]
[WhiteElo "1620"]
[BlackElo "1519"]
[PlyCount "46"]
[EventDate "2018.10.14"]
[EventType "team-tourn"]
[EventRounds "9"]
[EventCountry "GER"]
[SourceTitle "EXT 2022"]
[Source "ChessBase"]
[SourceDate "2021.10.06"]
[SourceVersion "1"]
[SourceVersionDate "2021.10.06"]
[SourceQuality "1"]
[WhiteTeam "Schwanstetten"]
[BlackTeam "Nuernberg Anderssen"]
[WhiteTeamCountry "GER"]
[BlackTeamCountry "GER"]

1. e4 c5 2. Nf3 Nc6 3. d4 cxd4 4. Nxd4 Nf6 5. Nc3 e6 6. Nb3 Bb4 7. Bd2 a6 8. Bd3 Ne5 9. a3 Nxd3+ 10. cxd3 Bxc3 11. Bxc3 0-0 12. 0-0 b6 13. Rc1 d6 14. Nd4 Bb7 15. Qf3 Rc8 16. Qg3 g6 17. Bb4 Rxc1 18. Rxc1 Ne8 19. e5 a5 20. Bxd6 Nxd6 21. exd6 Qf6 22. Qe3 Rd8 23. Rb1 Rxd6 1/2-1/2

[Event "Mittelfranken-chTB2b 1819"]
[Site "Mittelfranken"]
[Date "2019.03.03"]
[Round "6.7"]
[White "Arlt, Birgit"]
[Black "Berkhout, Theo"]
[Result "1/2-1/2"]
[WhiteElo "1620"]
[BlackElo "1576"]
[PlyCount "67"]
[EventDate "2018.10.14"]
[EventType "team-tourn"]
[EventRounds "9"]
[EventCountry "GER"]
[SourceTitle "EXT 2022"]
[Source "ChessBase"]
[SourceDate "2021.10.06"]
[SourceVersion "1"]
[SourceVersionDate "2021.10.06"]
[SourceQuality "1"]
[WhiteTeam "Schwanstetten"]
[BlackTeam "Nuernberg SK 1911 II"]
[WhiteTeamCountry "GER"]
[BlackTeamCountry "GER"]

1. e4 c5 2. Nf3 Nc6 3. d4 cxd4 4. Nxd4 Nf6 5. Nc3 e6 6. Nb3 Bb4 7. Bd3 a6 8. 0-0 d5 9. exd5 Nxd5 10. Nxd5 Qxd5 11. c3 Be7 12. Qc2 Ne5 13. Be4 Qb5 14. Bf4 Ng6 15. Bg3 0-0 16. Rad1 Bd7 17. Nd4 Qb6 18. h4 f5 19. h5 Nh4 20. Bd3 g6 21. hxg6 Nxg6 22. f3 e5 23. Qb3+ Qxb3 24. Nxb3 Be6 25. Bc2 Rad8 26. Rxd8 Rxd8 27. Rd1 Rxd1+ 28. Bxd1 Bd5 29. a3 Kf7 30. Nd2 Bg5 31. Be1 Be3+ 32. Kf1 Nf4 33. Bc2 Kf6 34. b3 1/2-1/2

[Event "Mittelfranken-chT2b 1617"]
[Site "Mittelfranken"]
[Date "2016.12.11"]
[Round "4.8"]
[White "Lenz, Harald"]
[Black "Arlt, Birgit"]
[Result "1-0"]
[WhiteElo "1757"]
[BlackElo "1611"]
[PlyCount "111"]
[EventDate "2016.10.23"]
[EventType "team-tourn"]
[EventRounds "9"]
[EventCountry "GER"]
[SourceTitle "EXT 2022"]
[Source "ChessBase"]
[SourceDate "2021.10.06"]
[SourceVersion "1"]
[SourceVersionDate "2021.10.06"]
[SourceQuality "1"]
[WhiteTeam "Nuernberg Noris Tarrasch IV"]
[BlackTeam "Schwanstetten"]
[WhiteTeamCountry "GER"]
[BlackTeamCountry "GER"]

1. d4 d5 2. g3 Nf6 3. Bg2 e6 4. Bg5 h6 5. Bxf6 Qxf6 6. Nf3 c5 7. c3 Nc6 8. 0-0 Be7 9. e3 0-0 10. Nbd2 Qg6 11. dxc5 Bxc5 12. Nb3 Bb6 13. Nbd4 Nxd4 14. exd4 Bc7 15. Qa4 Rd8 16. Qb3 Rb8 17. Rfe1 Qf6 18. Re2 Bd7 19. Rae1 Bc6 20. Ne5 Be8 21. f4 Bxe5 22. Rxe5 Bc6 23. Bh3 g6 24. Rf1 h5 25. Qd1 Kg7 26. Qf3 Rh8 27. Rf2 Rbg8 28. Bf1 Kf8 29. Bd3 Qe7 30. f5 gxf5 31. Bxf5 Bd7 32. Bc2 Ke8 33. Rxh5 f5 34. Re2 Rxh5 35. Qxh5+ Kd8 36. Bxf5 Rg5 37. Qh8+ Kc7 38. Qh7 Rg7 39. Qh6 Rf7 40. Bd3 Rf6 41. Qe3 Rf8 42. Rf2 Rg8 43. Qe5+ Kc8 44. Qf6 Qd6 45. Qf4 Qe7 46. Qf7 Qg5 47. Qf4 Qe7 48. Bf1 Rh8 49. h4 Rg8 50. Kh2 Rh8 51. Bh3 Rg8 52. Qe5 Qe8 53. Re2 Qg6 54. Bxe6 Bxe6 55. Qxe6+ Qxe6 56. Rxe6 1-0

[Event "Mittelfranken-chTB2b 1415"]
[Site "Mittelfranken"]
[Date "2015.03.08"]
[Round "7.8"]
[White "Braun, Kristin"]
[Black "Arlt, Birgit"]
[Result "1/2-1/2"]
[WhiteElo "1781"]
[BlackElo "1589"]
[PlyCount "80"]
[EventDate "2014.09.28"]
[EventType "team-tourn"]
[EventRounds "9"]
[EventCountry "GER"]
[SourceTitle "EXT 2020"]
[Source "ChessBase"]
[SourceDate "2019.10.17"]
[SourceVersion "1"]
[SourceVersionDate "2019.10.17"]
[SourceQuality "1"]
[WhiteTeam "Forchheim III"]
[BlackTeam "Schwanstetten"]
[WhiteTeamCountry "GER"]
[BlackTeamCountry "GER"]

1. Nf3 d5 2. g3 Nc6 3. Bg2 Nf6 4. d3 Bg4 5. 0-0 e5 6. c4 d4 7. a3 a5 8. Qa4 Bd7 9. Qb5 Bd6 10. Ng5 0-0 11. Ne4 Nxe4 12. Bxe4 Qe7 13. Qb3 a4 14. Qc2 Nd8 15. Nd2 f5 16. Bg2 c5 17. Bd5+ Kh8 18. Nf3 f4 19. Kg2 Rf6 20. Bd2 Rh6 21. h4 Rg6 22. Rh1 fxg3 23. fxg3 e4 24. Bxe4 Rxg3+ 25. Kf2 Nc6 26. Rag1 Rxg1 27. Rxg1 Rf8 28. Bg5 Qf7 29. Qxa4 Ne5 30. Qb3 Nxf3 31. exf3 Bf4 32. Bd5 Be3+ 33. Bxe3 dxe3+ 34. Kxe3 Qf4+ 35. Kf2 Qd2+ 36. Kg3 Qf4+ 37. Kf2 Qh2+ 38. Rg2 Qxh4+ 39. Rg3 Qh2+ 40. Rg2 Qh4+ 1/2-1/2

[Event "Mittelfranken-chTB2b 1415"]
[Site "Mittelfranken"]
[Date "2014.09.28"]
[Round "1.7"]
[White "Arlt, Birgit"]
[Black "Zach, Andreas1111"]
[Result "1/2-1/2"]
[WhiteElo "1589"]
[BlackElo "1799"]
[PlyCount "39"]
[EventDate "2014.09.28"]
[EventType "team-tourn"]
[EventRounds "9"]
[EventCountry "GER"]
[SourceTitle "EXT 2020"]
[Source "ChessBase"]
[SourceDate "2019.10.17"]
[SourceVersion "1"]
[SourceVersionDate "2019.10.17"]
[SourceQuality "1"]
[WhiteTeam "Schwanstetten"]
[BlackTeam "Lauf SV"]
[WhiteTeamCountry "GER"]
[BlackTeamCountry "GER"]

1. e4 d5 2. exd5 Qxd5 3. d4 Nf6 4. Nc3 Qd6 5. Nf3 Bg4 6. Be2 c6 7. Ne5 Bxe2 8. Nxe2 Nbd7 9. Nxd7 Qxd7 10. 0-0 e6 11. Bf4 Bd6 12. Bxd6 Qxd6 13. Ng3 Rd8 14. c3 0-0 15. Qf3 Qd5 16. Qxd5 exd5 17. Rfe1 Rfe8 18. f3 g6 19. Kf1 Kf8 20. Rad1 1/2-1/2

[Event "Mittelfranken-chTB1 1314"]
[Site "Mittelfranken"]
[Date "2014.03.30"]
[Round "8.8"]
[White "Werner, Thomas1111"]
[Black "Arlt, Birgit"]
[Result "1-0"]
[WhiteElo "1872"]
[BlackElo "1589"]
[PlyCount "99"]
[EventDate "2013.10.20"]
[EventType "team-tourn"]
[EventRounds "9"]
[EventCountry "GER"]
[SourceTitle "EXT 2020"]
[Source "ChessBase"]
[SourceDate "2019.10.17"]
[SourceVersion "1"]
[SourceVersionDate "2019.10.17"]
[SourceQuality "1"]
[WhiteTeam "Nuernberg Sued SW III"]
[BlackTeam "Schwanstetten"]
[WhiteTeamCountry "GER"]
[BlackTeamCountry "GER"]

1. d4 d5 2. c4 Nf6 3. Nc3 e6 4. cxd5 exd5 5. Bg5 Be7 6. e3 0-0 7. Bd3 h6 8. Bh4 Be6 9. Nge2 c6 10. 0-0 Ng4 11. Bxe7 Qxe7 12. h3 Nf6 13. f3 c5 14. Rc1 Nc6 15. Kh1 cxd4 16. exd4 Nh5 17. Qe1 Qg5 18. f4 Qd8 19. Rd1 f5 20. Bb5 Ne7 21. Ng3 Nxg3+ 22. Qxg3 Nc8 23. Rfe1 Bf7 24. Re5 Nd6 25. Ba4 Ne4 26. Nxe4 fxe4 27. Bb3 Rc8 28. Qe3 Rc6 29. Rc1 Qd6 30. Rxc6 bxc6 31. g4 Qd7 32. Kg2 Kh8 33. Kg3 Qd6 34. h4 Bg6 35. Kh3 Qf6 36. f5 Bf7 37. g5 Qd6 38. Bd1 Qd7 39. Bg4 Qd6 40. Qc3 Re8 41. g6 Bxg6 42. fxg6 Rf8 43. Qc5 Qb8 44. Bd7 Qd8 45. Qxf8+ Qxf8 46. Re8 Qxe8 47. Bxe8 e3 48. Kg2 c5 49. dxc5 d4 50. Kf3 1-0

[Event "Mittelfranken-chTB1 1314"]
[Site "Mittelfranken"]
[Date "2013.12.01"]
[Round "3.8"]
[White "Arlt, Birgit"]
[Black "Ceglar, Michael"]
[Result "0-1"]
[WhiteElo "1589"]
[BlackElo "1784"]
[PlyCount "60"]
[EventDate "2013.10.20"]
[EventType "team-tourn"]
[EventRounds "9"]
[EventCountry "GER"]
[SourceTitle "EXT 2020"]
[Source "ChessBase"]
[SourceDate "2019.10.17"]
[SourceVersion "1"]
[SourceVersionDate "2019.10.17"]
[SourceQuality "1"]
[WhiteTeam "Schwanstetten"]
[BlackTeam "Postbauer Heng"]
[WhiteTeamCountry "GER"]
[BlackTeamCountry "GER"]

1. e4 e5 2. Nf3 d5 3. exd5 e4 4. Bb5+ c6 5. dxc6 bxc6 6. Bc4 exf3 7. Qxf3 Qf6 8. Qxf6 Nxf6 9. 0-0 Bd6 10. Re1+ Kf8 11. d3 Ba6 12. Bb3 Nbd7 13. c4 c5 14. Nc3 h6 15. f3 Re8 16. Bd2 Be5 17. Rab1 Bd4+ 18. Kf1 g5 19. Ba4 Re5 20. Rxe5 Nxe5 21. Bc2 Kg7 22. h3 Re8 23. a3 Nxc4 24. Bc1 Ne3+ 25. Bxe3 Rxe3 26. Rd1 c4 27. Rd2 Nh5 28. g4 Rxf3+ 29. Ke1 Ng3 30. Rg2 Be3 0-1

[Event "Mittelfranken-chTB1 1314"]
[Site "Mittelfranken"]
[Date "2013.11.17"]
[Round "2.8"]
[White "Gloth, Gerrit"]
[Black "Arlt, Birgit"]
[Result "1-0"]
[WhiteElo "1860"]
[BlackElo "1589"]
[PlyCount "89"]
[EventDate "2013.10.20"]
[EventType "team-tourn"]
[EventRounds "9"]
[EventCountry "GER"]
[SourceTitle "EXT 2020"]
[Source "ChessBase"]
[SourceDate "2019.10.17"]
[SourceVersion "1"]
[SourceVersionDate "2019.10.17"]
[SourceQuality "1"]
[WhiteTeam "Erlangen SC II"]
[BlackTeam "Schwanstetten"]
[WhiteTeamCountry "GER"]
[BlackTeamCountry "GER"]

1. e4 e5 2. Bc4 Nf6 3. d3 Nc6 4. Nf3 Be7 5. c3 d5 6. exd5 Nxd5 7. Qe2 Bg4 8. h3 Bxf3 9. Qxf3 Nf6 10. 0-0 0-0 11. Bg5 Na5 12. Bb5 c6 13. Ba4 b5 14. Bc2 Qc7 15. Nd2 Rac8 16. Rfe1 Rce8 17. Qf5 Nd7 18. Bxe7 Rxe7 19. d4 g6 20. Qg5 Rfe8 21. Qh4 f5 22. b4 Nc4 23. Nxc4 bxc4 24. Qg3 Rf8 25. Re2 Qb8 26. Rae1 e4 27. Qxb8 Rxb8 28. f3 Rbe8 29. fxe4 fxe4 30. Rxe4 Kf8 31. Rxe7 Rxe7 32. Rxe7 Kxe7 33. Be4 Kd6 34. Kf2 Nf6 35. Ke3 Nd5+ 36. Bxd5 cxd5 37. Kf4 Ke6 38. g4 h6 39. g5 h5 40. a4 Kd6 41. b5 Ke6 42. a5 Kd6 43. b6 axb6 44. axb6 Kc6 45. Ke5 1-0

[Event "Mittelfranken-chTB1 1314"]
[Site "Mittelfranken"]
[Date "2013.10.20"]
[Round "1.7"]
[White "Rausch, Wolfgang1111"]
[Black "Arlt, Birgit"]
[Result "1-0"]
[WhiteElo "1859"]
[BlackElo "1589"]
[PlyCount "49"]
[EventDate "2013.10.20"]
[EventType "team-tourn"]
[EventRounds "9"]
[EventCountry "GER"]
[SourceTitle "EXT 2020"]
[Source "ChessBase"]
[SourceDate "2019.10.17"]
[SourceVersion "1"]
[SourceVersionDate "2019.10.17"]
[SourceQuality "1"]
[WhiteTeam "Nuernberg NT III"]
[BlackTeam "Schwanstetten"]
[WhiteTeamCountry "GER"]
[BlackTeamCountry "GER"]

1. c4 c5 2. Nc3 Nc6 3. Nf3 Nf6 4. d4 cxd4 5. Nxd4 e5 6. Ndb5 a6 7. Nd6+ Bxd6 8. Qxd6 Qe7 9. Qxe7+ Nxe7 10. e4 h6 11. Be3 0-0 12. 0-0-0 Nc6 13. f3 Na7 14. Bb6 Nc6 15. Na4 Nd8 16. Bc5 Re8 17. Nb6 Ne6 18. Bd6 Ra7 19. Bb8 Nd8 20. Bxa7 Nc6 21. Nxc8 Nxa7 22. Nxa7 Ra8 23. Be2 Rxa7 24. Rd2 b6 25. Rhd1 1-0

[Event "Mittelfranken-chTB1 1213"]
[Site "Germany"]
[Date "2012.12.17"]
[Round "5.8"]
[White "Wissmeier, Bernd"]
[Black "Arlt, Birgit"]
[Result "1-0"]
[WhiteElo "1899"]
[BlackElo "1611"]
[PlyCount "47"]
[EventDate "2012.10.07"]
[EventType "team-tourn"]
[EventRounds "9"]
[EventCountry "GER"]
[SourceTitle "EXT 2019"]
[Source "ChessBase"]
[SourceDate "2018.10.10"]
[SourceVersion "1"]
[SourceVersionDate "2018.10.10"]
[SourceQuality "1"]
[WhiteTeam "Nuernberg SK 1911"]
[BlackTeam "Schwanstetten"]
[WhiteTeamCountry "GER"]
[BlackTeamCountry "GER"]

1. e4 d5 2. exd5 Qxd5 3. Nc3 Qa5 4. d4 c6 5. Bc4 Nf6 6. Bd2 Qc7 7. Nf3 Bg4 8. h3 Bh5 9. 0-0 e6 10. Re1 Be7 11. Be2 0-0 12. Ne5 Bxe2 13. Qxe2 Nbd7 14. f4 Rae8 15. Qf3 Nb6 16. g4 c5 17. Nb5 Qb8 18. Ba5 Nfd5 19. c4 f6 20. Nd7 Nxd7 21. cxd5 e5 22. d6 Bxd6 23. Qd5+ Rf7 24. Nxd6 1-0

[Event "Mittelfranken-chTB1 1213"]
[Site "Germany"]
[Date "2012.11.18"]
[Round "3.8"]
[White "Ceglar, Michael"]
[Black "Arlt, Birgit"]
[Result "1/2-1/2"]
[WhiteElo "1873"]
[BlackElo "1611"]
[PlyCount "123"]
[EventDate "2012.10.07"]
[EventType "team-tourn"]
[EventRounds "9"]
[EventCountry "GER"]
[SourceTitle "EXT 2019"]
[Source "ChessBase"]
[SourceDate "2018.10.10"]
[SourceVersion "1"]
[SourceVersionDate "2018.10.10"]
[SourceQuality "1"]
[WhiteTeam "Postbauer Heng"]
[BlackTeam "Schwanstetten"]
[WhiteTeamCountry "GER"]
[BlackTeamCountry "GER"]

1. e4 e5 2. Nc3 Nf6 3. f4 d6 4. Bc4 Nc6 5. d3 Bg4 6. Qd2 Nd4 7. Qf2 Bd7 8. Be3 Ng4 9. Bxd4 Nxf2 10. Bxf2 exf4 11. Nf3 Be6 12. Nd5 c6 13. Bh4 Qc8 14. Nxf4 Bxc4 15. dxc4 Qg4 16. Nd3 f6 17. 0-0 g5 18. Bf2 Be7 19. c5 0-0 20. Rae1 h5 21. Nd4 Qd7 22. Nf5 dxc5 23. Nxe7+ Qxe7 24. Bxc5 Qe6 25. Bxf8 Rxf8 26. a3 Qc4 27. Re2 Kg7 28. Rfe1 Qd4+ 29. Kf1 c5 30. b3 c4 31. Nf2 Qc5 32. a4 cxb3 33. cxb3 Qe5 34. Kg1 Rc8 35. Rb1 Rc3 36. Rd2 Qe6 37. Rd5 Kg6 38. b4 a6 39. a5 Qc6 40. Nd3 b6 41. Rd1 Kg7 42. h3 bxa5 43. bxa5 Qc4 44. Ne5 Qxe4 45. Rd7+ Kf8 46. Rd8+ Ke7 47. R1d7+ Ke6 48. Re8+ Kf5 49. g4+ hxg4 50. hxg4+ Kf4 51. Nd3+ Rxd3 52. Rxe4+ Kxe4 53. Re7+ Kd5 54. Ra7 Rg3+ 55. Kf2 Rxg4 56. Rxa6 Rf4+ 57. Kg3 Kc5 58. Ra8 Ra4 59. a6 Kb6 60. a7 Rxa7 61. Rf8 Ra3+ 62. Kg2 1/2-1/2

[Event "Mittelfranken-chTB2b 0910"]
[Site "Mittelfranken"]
[Date "2010.02.21"]
[Round "7.8"]
[White "Strnad, Alfred"]
[Black "Arlt, Birgit"]
[Result "1-0"]
[WhiteElo "1910"]
[BlackElo "1654"]
[PlyCount "95"]
[EventDate "2009.10.11"]
[EventType "team-tourn"]
[EventRounds "9"]
[EventCountry "GER"]
[SourceTitle "EXT 2011"]
[Source "ChessBase"]
[SourceDate "2010.11.26"]
[SourceVersion "1"]
[SourceVersionDate "2010.11.26"]
[SourceQuality "1"]
[WhiteTeam "Heideck/Hilpoltstein"]
[BlackTeam "Schwanstetten"]
[WhiteTeamCountry "GER"]
[BlackTeamCountry "GER"]

1. d4 d5 2. c4 c6 3. Nc3 Nf6 4. cxd5 cxd5 5. Nf3 Bf5 6. Qb3 b6 7. Bg5 e6 8. e3 Be7 9. Bb5+ Nbd7 10. Bxf6 Bxf6 11. Qa4 Qc7 12. 0-0 Rd8 13. Rac1 Qb7 14. Bc6 Qb8 15. b4 Bd3 16. Rfd1 Bc4 17. e4 a6 18. exd5 b5 19. Qxa6 0-0 20. Bxb5 Bxd5 21. Nxd5 exd5 22. a4 Be7 23. Bxd7 Rxd7 24. Ne5 Ra7 25. Qc6 Qxb4 26. Qxd5 Rxa4 27. Rc7 Qd6 28. Qxd6 Bxd6 29. Rd7 Ra6 30. Nc4 Bb8 31. g3 f6 32. Rb1 Ra7 33. Rbb7 Rxb7 34. Rxb7 Rd8 35. d5 Bd6 36. Ne3 g6 37. Kg2 h6 38. Ng4 Kf8 39. Nxf6 Be7 40. Ng4 h5 41. Ne3 Kf7 42. Kf3 Kf6 43. Rb6+ Kf7 44. Ke4 Bc5 45. Rc6 Re8+ 46. Kd3 Be7 47. Nc4 Bf6 48. Nd6+ 1-0

[Event "Mittelfrankenliga-B1 0708"]
[Site "Mittelfranken"]
[Date "2008.04.13"]
[Round "8.7"]
[White "Werner, Thomas1111"]
[Black "Arlt, Birgit"]
[Result "1-0"]
[WhiteElo "1878"]
[BlackElo "1654"]
[PlyCount "69"]
[EventDate "2007.10.14"]
[EventType "team-tourn"]
[EventRounds "9"]
[EventCountry "GER"]
[SourceTitle "EXT 2011"]
[Source "ChessBase"]
[SourceDate "2010.11.26"]
[SourceVersion "1"]
[SourceVersionDate "2010.11.26"]
[SourceQuality "1"]
[WhiteTeam "Nuernberg Sued SW II"]
[BlackTeam "Schwanstetten"]
[WhiteTeamCountry "GER"]
[BlackTeamCountry "GER"]

1. d4 d5 2. c4 Nf6 3. Nc3 c6 4. cxd5 cxd5 5. Bf4 Nc6 6. Nf3 Bf5 7. e3 e6 8. Ne5 Rc8 9. Bb5 a6 10. Nxc6 bxc6 11. Bxa6 Ra8 12. Bb7 Ra7 13. Bxc6+ Nd7 14. 0-0 Qb6 15. Bb5 Be7 16. Qe2 0-0 17. Na4 Qb7 18. Rfc1 Rc8 19. a3 Ra5 20. Rxc8+ Qxc8 21. b4 Ra7 22. Nc5 Nb6 23. a4 h6 24. f3 Bf6 25. a5 Na8 26. Ba6 Qe8 27. b5 e5 28. Bxe5 Bxe5 29. dxe5 Qxe5 30. Rc1 Re7 31. b6 Qb8 32. g4 Bg6 33. Nd7 Qd6 34. Rc8+ Kh7 35. b7 1-0

[Event "Mittelfrankenliga-B1 0708"]
[Site "Mittelfranken"]
[Date "2008.03.02"]
[Round "7.7"]
[White "Arlt, Birgit"]
[Black "Ackermann, Robert"]
[Result "0-1"]
[WhiteElo "1654"]
[BlackElo "1947"]
[PlyCount "64"]
[EventDate "2007.10.14"]
[EventType "team-tourn"]
[EventRounds "9"]
[EventCountry "GER"]
[SourceTitle "EXT 2011"]
[Source "ChessBase"]
[SourceDate "2010.11.26"]
[SourceVersion "1"]
[SourceVersionDate "2010.11.26"]
[SourceQuality "1"]
[WhiteTeam "Schwanstetten"]
[BlackTeam "Nuernberg NT III"]
[WhiteTeamCountry "GER"]
[BlackTeamCountry "GER"]

1. e4 c5 2. f4 d5 3. exd5 Nf6 4. Nf3 Nxd5 5. Bb5+ Bd7 6. Bxd7+ Nxd7 7. d3 e6 8. c4 N5f6 9. Nc3 Be7 10. 0-0 0-0 11. Ne4 Qc7 12. Qe2 Rad8 13. b3 h6 14. Bd2 Nb8 15. Rad1 Nc6 16. Bc1 Rd7 17. a3 Rfd8 18. Kh1 Qb6 19. Qc2 Na5 20. Ne5 Rc7 21. Be3 Qxb3 22. Qxb3 Nxb3 23. Rb1 Nd4 24. Rf2 Nf5 25. Bc1 Nxe4 26. Rf1 Nc3 27. Rb3 Ne2 28. Bd2 Bf6 29. Ng4 Rcd7 30. Nf2 Bh4 31. g3 Nfxg3+ 32. hxg3 Nxg3+ 0-1

[Event "Mittelfrankenliga-B1 0708"]
[Site "Mittelfranken"]
[Date "2007.10.14"]
[Round "1.7"]
[White "Arlt, Birgit"]
[Black "Lutz, Rainer"]
[Result "1-0"]
[WhiteElo "1654"]
[BlackElo "1883"]
[PlyCount "107"]
[EventDate "2007.10.14"]
[EventType "team-tourn"]
[EventRounds "9"]
[EventCountry "GER"]
[SourceTitle "EXT 2011"]
[Source "ChessBase"]
[SourceDate "2010.11.26"]
[SourceVersion "1"]
[SourceVersionDate "2010.11.26"]
[SourceQuality "1"]
[WhiteTeam "Schwanstetten"]
[BlackTeam "Bechhofen"]
[WhiteTeamCountry "GER"]
[BlackTeamCountry "GER"]

1. e4 g6 2. f4 Bg7 3. Nf3 d6 4. Bc4 Nf6 5. d3 c5 6. Be3 Ng4 7. Bd2 Bxb2 8. Bc3 Bxc3+ 9. Nxc3 Ne3 10. Qd2 Nxc4 11. dxc4 Nc6 12. 0-0 Na5 13. Nd5 b6 14. Qc3 f6 15. e5 0-0 16. Rad1 Ba6 17. Ne3 Rc8 18. Rd2 Rc6 19. Rdf2 Qd7 20. Nd2 f5 21. Re1 dxe5 22. Qxe5 Re6 23. Qc3 Qd4 24. Qd3 Rd8 25. Rfe2 Qxd3 26. cxd3 Rxd3 27. Nd5 Rxe2 28. Rxe2 e6 29. Nc7 Bc8 30. Kf2 Kf7 31. Ke1 Ra3 32. Nb5 Rxa2 33. Nd6+ Kf6 34. Nxc8 Nc6 35. Ne4+ fxe4 36. Rxa2 Kf5 37. g3 Nb4 38. Rxa7 h5 39. Nd6+ Kg4 40. Nxe4 Kf3 41. Ng5+ Kg2 42. Nxe6 Kxh2 43. Kf2 Nd3+ 44. Ke3 Nb4 45. Kf3 Kh3 46. Rg7 Nd3 47. Ng5+ Kh2 48. Ne4 Ne1+ 49. Ke2 Nc2 50. Rxg6 Nd4+ 51. Kf2 h4 52. gxh4 b5 53. cxb5 c4 54. h5 1-0

[Event "Mittelfrankenliga-B1 0607"]
[Site "Mittelfranken"]
[Date "2007.03.11"]
[Round "7.7"]
[White "Vogiatzis, Dimitrios"]
[Black "Arlt, Birgit"]
[Result "1/2-1/2"]
[WhiteElo "1963"]
[BlackElo "1665"]
[PlyCount "59"]
[EventDate "2006.10.22"]
[EventType "team-tourn"]
[EventRounds "9"]
[EventCountry "GER"]
[SourceTitle "EXT 2011"]
[Source "ChessBase"]
[SourceDate "2010.11.26"]
[SourceVersion "1"]
[SourceVersionDate "2010.11.26"]
[SourceQuality "1"]
[WhiteTeam "Nuernberg NT III"]
[BlackTeam "Schwanstetten"]
[WhiteTeamCountry "GER"]
[BlackTeamCountry "GER"]

1. Nf3 Nf6 2. b3 d6 3. Bb2 c5 4. g3 Nc6 5. Bg2 e5 6. d3 Be7 7. 0-0 0-0 8. c4 Rb8 9. Nc3 a6 10. e3 Bg4 11. h3 Bh5 12. g4 Bg6 13. Nh4 Qc7 14. Nxg6 hxg6 15. Rc1 Nd7 16. Nd5 Qd8 17. f4 Re8 18. f5 gxf5 19. Nxe7+ Nxe7 20. gxf5 Nf6 21. d4 exd4 22. exd4 Qc8 23. Qd3 Nd7 24. d5 f6 25. Rce1 Qc7 26. Qg3 Ne5 27. Rd1 Nd7 28. Rde1 Ne5 29. Rd1 Nd7 30. Rde1 1/2-1/2

[Event "Mittelfrankenliga-B1 0607"]
[Site "Mittelfranken"]
[Date "2006.10.22"]
[Round "1.6"]
[White "Thuerauf, Peter"]
[Black "Arlt, Birgit"]
[Result "1/2-1/2"]
[WhiteElo "1820"]
[BlackElo "1665"]
[PlyCount "85"]
[EventDate "2006.10.22"]
[EventType "team-tourn"]
[EventRounds "9"]
[EventCountry "GER"]
[SourceTitle "EXT 2011"]
[Source "ChessBase"]
[SourceDate "2010.11.26"]
[SourceVersion "1"]
[SourceVersionDate "2010.11.26"]
[SourceQuality "1"]
[WhiteTeam "Nuernberg Sued SW II"]
[BlackTeam "Schwanstetten"]
[WhiteTeamCountry "GER"]
[BlackTeamCountry "GER"]

1. d4 d5 2. Nf3 Nf6 3. c4 e6 4. Nc3 Be7 5. Bg5 c6 6. e3 0-0 7. Rc1 Nbd7 8. Bd3 dxc4 9. Bxc4 Nb6 10. Bd3 Nfd5 11. Bxe7 Qxe7 12. Nxd5 exd5 13. Qc2 h6 14. 0-0 Bg4 15. Ne5 Be6 16. f4 Nd7 17. Bh7+ Kh8 18. f5 Nxe5 19. fxe6 Ng4 20. Rf3 Nf6 21. Bd3 Qxe6 22. Rcf1 Rae8 23. Qc5 b6 24. Qa3 Qd7 25. Bc2 Qc7 26. Rh3 Ng8 27. Rf5 Re7 28. Qd3 g6 29. Rf4 f5 30. g4 Re4 31. gxf5 gxf5 32. Qa3 Re7 33. Rxf5 Rxf5 34. Bxf5 Rg7+ 35. Kf2 Rf7 36. Qd3 Ne7 37. Rxh6+ Kg8 38. Rh5 Nxf5 39. Rxf5 Qxh2+ 40. Ke1 Qh4+ 41. Kd2 Rg7 42. Qf1 Qe7 43. a3 1/2-1/2